Guess the actor - Statistics

General Stats
  • This quiz has been taken 98 times
  • The average score is 6 of 20
Answer Stats
Picture Answer % Correct
Ryan Gosling
88%
Robert Pattinson
74%
Bradley Cooper
61%
Idris Elba
57%
Finn Wolfhard
52%
Christian Bale
50%
Joseph Gordon-Levitt
33%
Ian Somerhalder
28%
Chad Michael Murray
23%
Drew Starkey
21%
Hayden Christensen
18%
Chace Crawford
15%
Eric Winter
11%
Jesse Williams
7%
Ian Harding
6%
Josh Radnor
6%
James Lafferty
5%
Peter Facinelli
4%
Christian Keyes
1%
Jesse Spencer
1%
No matching quizzes found
Score Distribution
Percent of People with Each Score
Percentile by Number Answered
Your Score History
You have not taken this quiz